Технология проведения горно-разведочных выработок: учебник
| Hoofdauteur: | |
|---|---|
| Coauteur: | |
| Andere auteurs: | , |
| Samenvatting: | Заглавие с титульного экрана Электронная версия печатной публикации В учебнике рассмотрены технические характеристики и конструкции современных горнопроходческих машин и комплексов, используемых при разведке месторождений полезных ископаемых, правила их технической эксплуатации и техники безопасности; назначение и классификация горноразведочных выработок, основные физико-механические свойства горных пород и их влияние на устойчивость выработок. Изложены способы разрушения горных пород, принцип действия бурильных машин, состав и свойства промышленных взрывчатых веществ, способы и средства взрывания зарядов. Описаны конструкции крепи, механизация крепления, техника, технология и организация рабоп по проведению горно-разведочных выработок, последовательность выполнения процессов проходческого цикла при однозабойном и многозабойном методах проходки, вопросы безопасности. Приведены технико-экономические показатели и примеры скоростных проходок. Предназначен для студентов геологических специальностей, инженерно-технических работников, занимающихся горным делом, а также может быть полезен слушателям курсов дополнительного обучения на право технического руководства горными и взрывными работами Режим доступа: из корпоративной сети ТПУ |
| Taal: | Russisch |
| Gepubliceerd in: |
Томск, Изд-во ТПУ, 2015
|
| Editie: | 2-е изд. |
| Onderwerpen: | |
| Online toegang: | http://www.lib.tpu.ru/fulltext2/m/2015/m217.pdf |
| Formaat: | Elektronisch Boek |
| KOHA link: | https://koha.lib.tpu.ru/cgi-bin/koha/opac-detail.pl?biblionumber=297300 |
MARC
| LEADER | 00000nlm0a2200000 4500 | ||
|---|---|---|---|
| 001 | 297300 | ||
| 005 | 20231102001008.0 | ||
| 035 | |a (RuTPU)RU\TPU\book\322433 | ||
| 035 | |a RU\TPU\book\263732 | ||
| 090 | |a 297300 | ||
| 100 | |a 20150608d2015 m y0rusy50 ca | ||
| 101 | 0 | |a rus | |
| 102 | |a RU | ||
| 105 | |a y j 001zy | ||
| 135 | |a drcn ---uucaa | ||
| 181 | 0 | |a i | |
| 182 | 0 | |a b | |
| 200 | 1 | |a Технология проведения горно-разведочных выработок |b Электронный ресурс |e учебник |f В. Г. Лукьянов, А. В. Панкратов, В. А. Шмурыгин |g Национальный исследовательский Томский политехнический университет (ТПУ) | |
| 203 | |a Текст |c электронный | ||
| 205 | |a 2-е изд. | ||
| 210 | |a Томск |c Изд-во ТПУ |d 2015 | ||
| 230 | |a 1 компьютерный файл (pdf; 26 MB) | ||
| 300 | |a Заглавие с титульного экрана | ||
| 300 | |a Электронная версия печатной публикации | ||
| 330 | |a В учебнике рассмотрены технические характеристики и конструкции современных горнопроходческих машин и комплексов, используемых при разведке месторождений полезных ископаемых, правила их технической эксплуатации и техники безопасности; назначение и классификация горноразведочных выработок, основные физико-механические свойства горных пород и их влияние на устойчивость выработок. Изложены способы разрушения горных пород, принцип действия бурильных машин, состав и свойства промышленных взрывчатых веществ, способы и средства взрывания зарядов. Описаны конструкции крепи, механизация крепления, техника, технология и организация рабоп по проведению горно-разведочных выработок, последовательность выполнения процессов проходческого цикла при однозабойном и многозабойном методах проходки, вопросы безопасности. Приведены технико-экономические показатели и примеры скоростных проходок. Предназначен для студентов геологических специальностей, инженерно-технических работников, занимающихся горным делом, а также может быть полезен слушателям курсов дополнительного обучения на право технического руководства горными и взрывными работами | ||
| 333 | |a Режим доступа: из корпоративной сети ТПУ | ||
| 337 | |a Adobe Reader | ||
| 606 | 1 | |a Проходка горных выработок |x Механизация комплексная |2 stltpush |3 (RuTPU)RU\TPU\subj\53004 |9 71358 | |
| 610 | 1 | |a горные работы | |
| 610 | 1 | |a полезные ископаемые | |
| 610 | 1 | |a месторождения | |
| 610 | 1 | |a разработка | |
| 610 | 1 | |a классификация | |
| 610 | 1 | |a горные выработки | |
| 610 | 1 | |a проветривание | |
| 610 | 1 | |a водоотлив | |
| 610 | 1 | |a энергоснабжение | |
| 610 | 1 | |a охрана труда | |
| 610 | 1 | |a природа | |
| 610 | 1 | |a горное дело | |
| 610 | 1 | |a порода | |
| 610 | 1 | |a горно-разведочные выработки | |
| 610 | 1 | |a учебные пособия | |
| 610 | 1 | |a электронный ресурс | |
| 610 | 1 | |a механика | |
| 610 | 1 | |a труды учёных ТПУ | |
| 610 | 1 | |a охрана | |
| 675 | |a 622.26(075.8) |v 3 | ||
| 700 | 1 | |a Лукьянов |b В. Г. |c горный инженер |c профессор Томского политехнического университета, доктор технических наук |f 1930- |g Виктор Григорьевич |2 stltpush |3 (RuTPU)RU\TPU\pers\12910 | |
| 701 | 1 | |a Панкратов |b А. В. |c специалист в области нефтепромыслового оборудования |c доцент Томского политехнического университета, кандидат технических наук |f 1953- |g Алексей Валентинович |2 stltpush |3 (RuTPU)RU\TPU\pers\26132 | |
| 701 | 1 | |a Шмурыгин |b В. А. |c специалист в области нефтегазового дела |c доцент Томского политехнического университета |f 1957- |g Владимир Александрович |2 stltpush |3 (RuTPU)RU\TPU\pers\26137 | |
| 712 | 0 | 2 | |a Национальный исследовательский Томский политехнический университет (ТПУ) |b Институт природных ресурсов (ИПР) |b Кафедра транспорта и хранения нефти и газа (ТХНГ) |h 257 |2 stltpush |3 (RuTPU)RU\TPU\col\18661 |
| 801 | 1 | |a RU |b 63413507 |c 20041004 |g PSBO | |
| 801 | 2 | |a RU |b 63413507 |c 20171115 |g PSBO | |
| 856 | 4 | |u http://www.lib.tpu.ru/fulltext2/m/2015/m217.pdf | |
| 900 | |a Технология проведения горноразведочных выработок | ||
| 942 | |c CF | ||